| 000 -LEADER |
| fixed length control field |
00564nam a22001577a 4500 |
| 020 ## - INTERNATIONAL STANDARD BOOK NUMBER |
| ISBN |
1898507031 |
| 082 ## - DEWEY DECIMAL CLASSIFICATION NUMBER |
| Classification number |
616.07543 |
| Item number |
P9681 1994 |
| 100 ## - MAIN ENTRY--AUTHOR NAME |
| Personal name |
Proud, Jean |
| 245 ## - TITLE STATEMENT |
| Title |
Ultrasound for midwives : a guide for midwives and other health professionals / |
| 260 ## - PUBLICATION, DISTRIBUTION, ETC. (IMPRINT) |
| Place of publication |
England : |
| Name of publisher |
Books for Midwives Press, |
| Year of publication |
c1994. |
| 300 ## - PHYSICAL DESCRIPTION |
| Number of Pages |
90 pages : |
| Other physical details |
Illustrations ; 25 cm. |
| 500 ## - GENERAL NOTE |
| General note |
Includes bibliographical references and index. |
| 650 ## - SUBJECT ADDED ENTRY--TOPICAL TERM |
| Topical Term |
Ultrasound – Midwives – Handbooks, manuals, etc. |
| 650 ## - SUBJECT ADDED ENTRY--TOPICAL TERM |
| Topical Term |
Ultrasound – Midwives – Examinations. |
| 942 ## - ADDED ENTRY ELEMENTS (KOHA) |
| Koha item type |
Books |